Československo nad propastí selhání amerických diplomatů a tajných služeb v Praze 1945-1948
Guardado en:
| Autor principal: | |
|---|---|
| Formato: | Libro |
| Lenguaje: | checo |
| Publicado: |
Praha
PROSTOR
2014
|
| Colección: | Edice Obzor
|
| Materias: | |
| Etiquetas: |
Sin Etiquetas, Sea el primero en etiquetar este registro!
|
MARC
| LEADER | 00000nam a2200000 4500 | ||
|---|---|---|---|
| 001 | 0185687 | ||
| 005 | 20240313085642.7 | ||
| 020 | |a 978-80-7260-292-6 | ||
| 041 | 0 | |a cze | |
| 044 | |a CZ | ||
| 245 | 1 | 0 | |a Československo nad propastí |b selhání amerických diplomatů a tajných služeb v Praze 1945-1948 |c Igor Lukeš |
| 264 | 1 | |a Praha |b PROSTOR |c 2014 | |
| 300 | |a 383 s. | ||
| 490 | 1 | |a Edice Obzor | |
| 830 | 0 | |a Edice Obzor | |
| 610 | 2 | 0 | |a politika medzinárodná |
| 610 | 2 | 0 | |a vzťahy politické medzinárodné |
| 610 | 2 | 0 | |a diplomacia |
| 610 | 2 | 0 | |a Československo |
| 610 | 2 | 0 | |a USA |
| 610 | 2 | 0 | |a vojny |
| 610 | 2 | 0 | |a komunizmus |
| 100 | 1 | |a Lukeš, Igor | |